000 00499 a2200145 4500
005 20250515155824.0
020 _a978-81-224-1592-6
082 _a658.403 MUK
100 _aMUKHOPADHYAY, A. K.
245 _aCrisis and Disaster management Turbulence and After.
260 _aNew Delhi,
_bNew Age International LTd,
_c2005.
300 _axiii, 94p.: ill.; figure, picture
_bBibliography & Index
_c24cm
856 _yAccess Online Book
_fCrisis and Disaster
_dwww.newagepublishers.com
942 _2ddc
_cBKS
999 _c2335
_d2335